[Event "Mistrzostwa Polski Seniorow oraz Osob Ni"]
[Site "WZW "]
[Date "2013.10.01"]
[Round "2.1"]
[White "Gasik, Piotr"]
[Black "Rusin, Ryszard"]
[Result "1/2-1/2"]
[WhiteElo "2143"]
[BlackElo "1898"]
[PlyCount "28"]
[EventDate "2013.??.??"]

1. e4 e6 2. d4 d5 3. exd5 exd5 4. Bd3 Nf6 5. Nf3 Bg4 6. c3 Nbd7 7. Bg5 Be7 8.
Nbd2 c6 9. Qc2 Qc7 10. h3 Bh5 11. g4 Bg6 12. O-O-O O-O-O 13. Rde1 Bd6 14. Re2
Rhe8 1/2-1/2

[Event "Mistrzostwa Polski Seniorow oraz Osob Ni"]
[Site "WZW "]
[Date "2013.10.01"]
[Round "2.2"]
[White "Lada, Ireneusz"]
[Black "Kaczorowski, Piotr"]
[Result "0-1"]
[WhiteElo "1933"]
[BlackElo "2063"]
[PlyCount "83"]
[EventDate "2013.??.??"]

1. c4 c5 2. Nf3 Nc6 3. d4 cxd4 4. Nxd4 g6 5. Nc3 Bg7 6. Nc2 Bxc3+ 7. bxc3 Qa5
8. Bd2 Nf6 9. f3 b6 10. e4 Bb7 11. Nb4 Rc8 12. Nd5 Ne5 13. Qb3 Ba6 14. Qb4 Qc5
15. Nxf6+ exf6 16. f4 Nxc4 17. Qxc5 Rxc5 18. O-O-O Nxd2 19. Kxd2 Bxf1 20. Rhxf1
Ke7 21. Kc2 Rhc8 22. Rf3 Rc4 23. Re3 d6 24. Kb3 b5 25. Rdd3 a6 26. Rd4 R8c5 27.
Rdd3 h5 28. h3 h4 29. Rd2 Ra4 30. a3 Rcc4 31. e5 dxe5 32. fxe5 fxe5 33. Rxe5+
Kf6 34. Red5 Rf4 35. R2d3 Rf1 36. Kb2 Kg7 37. R5d4 Rf4 38. Rxa4 Rxa4 39. Rd6
Kh6 40. Rf6 Kg5 41. Rxf7 Rf4 42. Ra7 0-1

[Event "Mistrzostwa Polski Seniorow oraz Osob Ni"]
[Site "WZW "]
[Date "2013.10.01"]
[Round "2.3"]
[White "Kawula, Andrzej"]
[Black "Duda, Henryk"]
[Result "1-0"]
[WhiteElo "1990"]
[BlackElo "1341"]
[PlyCount "55"]
[EventDate "2013.??.??"]

1. c4 e5 2. Nc3 c6 3. d4 exd4 4. Qxd4 Nf6 5. Bg5 Be7 6. e4 h6 7. Bh4 d6 8.
O-O-O Be6 9. f4 c5 10. Qd2 O-O 11. Nf3 Nc6 12. h3 Qc7 13. g4 Nh7 14. Bxe7 Qxe7
15. f5 Bc8 16. Qxd6 Qxd6 17. Rxd6 Na5 18. Be2 b6 19. h4 f6 20. Rhd1 Bb7 21. e5
fxe5 22. Nxe5 Rfe8 23. Ng6 Nf6 24. b3 Nc6 25. Bf3 Rac8 26. g5 hxg5 27. hxg5 Nh7
28. Bd5+ 1-0

[Event "Mistrzostwa Polski Seniorow oraz Osob Ni"]
[Site "WZW "]
[Date "2013.10.01"]
[Round "2.4"]
[White "Majewski, Stanislaw"]
[Black "Wojcieszyn, Zdzislaw"]
[Result "0-1"]
[WhiteElo "1842"]
[BlackElo "2005"]
[PlyCount "47"]
[EventDate "2013.??.??"]

1. Nf3 d5 2. g3 g6 3. Bg2 Bg7 4. c3 Nf6 5. d3 O-O 6. O-O Re8 7. Bg5 Nbd7 8. Re1
h6 9. Bxf6 Nxf6 10. Nbd2 Bf5 11. Nd4 Bd7 12. e4 e5 13. Nc2 dxe4 14. dxe4 Bb5
15. c4 Bd7 16. Qe2 Qe7 17. Qe3 Rad8 18. Rad1 Be6 19. b3 a5 20. Nb1 Bf8 21. Nc3
Qc5 22. Nd5 Qxe3 23. Ndxe3 Rc8 24. Rd3 0-1

[Event "Mistrzostwa Polski Seniorow oraz Osob Ni"]
[Site "WZW "]
[Date "2013.10.01"]
[Round "2.5"]
[White "Rychlik, Bogdan"]
[Black "Kosny, Marek"]
[Result "0-1"]
[WhiteElo "1780"]
[BlackElo "1961"]
[PlyCount "44"]
[EventDate "2013.??.??"]

1. e4 Nf6 2. e5 Nd5 3. Bc4 e6 4. Nf3 Nb6 5. Bb3 c5 6. c3 d6 7. d4 dxe5 8. dxe5
Qxd1+ 9. Bxd1 Nc6 10. O-O Bd7 11. Bf4 h6 12. h3 g5 13. Bg3 Be7 14. Nbd2 h5 15.
Ne4 g4 16. hxg4 hxg4 17. Nh2 O-O-O 18. Nxg4 Rdg8 19. Ngf6 Rg6 20. Bf4 Nd5 21.
Nxd5 exd5 22. Ng3 Nd8 0-1

[Event "Mistrzostwa Polski Seniorow oraz Osob Ni"]
[Site "WZW "]
[Date "2013.10.01"]
[Round "2.6"]
[White "Feliksinski, Tadeusz"]
[Black "Santura, Janusz"]
[Result "1/2-1/2"]
[WhiteElo "1713"]
[BlackElo "1807"]
[PlyCount "80"]
[EventDate "2013.??.??"]

1. e4 c6 2. d4 d5 3. e5 Bf5 4. h4 Qb6 5. Nc3 h5 6. Nge2 e6 7. Ng3 Bg6 8. Be2 c5
9. dxc5 Bxc5 10. O-O Be7 11. Nb5 a6 12. Be3 Qd8 13. Nd4 Nc6 14. Nxc6 bxc6 15.
Bxh5 Bxh5 16. Nxh5 g6 17. Nf4 Bxh4 18. g3 Be7 19. Kg2 Qc7 20. Qd3 Bf8 21. Ne2
Bg7 22. f4 Ne7 23. Bc5 Qa5 24. b4 Qb5 25. Qf3 Kd7 26. Nd4 Qb7 27. Qc3 Nc8 28.
Rh1 Nb6 29. Qd3 Nc4 30. Nb3 Qb5 31. a4 Qb7 32. Nd2 Nxd2 33. Qxd2 Qc7 34. a5 Qb7
35. Rxh8 Rxh8 36. Rh1 Rxh1 37. Kxh1 Qb5 38. Kg2 Qc4 39. Qd3 Qxd3 40. cxd3 f6
1/2-1/2

[Event "Mistrzostwa Polski Seniorow oraz Osob Ni"]
[Site "WZW "]
[Date "2013.10.01"]
[Round "2.7"]
[White "Hucz, Alfred"]
[Black "Solek, Zenon"]
[Result "1-0"]
[WhiteElo "2031"]
[BlackElo "1820"]
[PlyCount "46"]
[EventDate "2013.??.??"]

1. e4 c5 2. Nf3 e6 3. d4 cxd4 4. Nxd4 a6 5. Nc3 Qc7 6. a3 Nf6 7. Be2 Nc6 8. Be3
b6 9. O-O Bb7 10. Re1 Rc8 11. Nxc6 dxc6 12. Bf3 Nd7 13. g3 c5 14. Bg2 b5 15.
Qe2 g6 16. f4 b4 17. Nd1 c4 18. axb4 Bxb4 19. c3 Be7 20. Bd4 O-O 21. Nf2 e5 22.
Be3 f5 23. exf5 gxf5 1-0

[Event "Mistrzostwa Polski Seniorow oraz Osob Ni"]
[Site "WZW "]
[Date "2013.10.01"]
[Round "2.8"]
[White "Niecko, Stanislaw"]
[Black "Kondrusik, Aleksander"]
[Result "1-0"]
[WhiteElo "1817"]
[BlackElo "1530"]
[PlyCount "47"]
[EventDate "2013.??.??"]

1. c4 e5 2. Nc3 Nf6 3. Nf3 Nc6 4. e4 Bc5 5. Nxe5 Bxf2+ 6. Kxf2 Nxe5 7. d4 Neg4+
8. Kg1 d6 9. h3 Nh6 10. Bxh6 gxh6 11. Qf3 c6 12. Re1 Nd7 13. Bd3 O-O 14. Kh2
Qg5 15. Rhf1 f6 16. Qf4 Rf7 17. Qxd6 Qd2 18. Be2 Qxb2 19. e5 Nf8 20. Ne4 f5 21.
Bh5 Ng6 22. Nf6+ Kh8 23. Qd8+ Rf8 24. Qc7 1-0

[Event "Mistrzostwa Polski Seniorow oraz Osob Ni"]
[Site "WZW "]
[Date "2013.10.01"]
[Round "2.9"]
[White "Nowak, Adam"]
[Black "Muc, Zbigniew"]
[Result "0-1"]
[WhiteElo "1399"]
[BlackElo "1743"]
[PlyCount "54"]
[EventDate "2013.??.??"]

1. c4 e5 2. Nc3 Nf6 3. Nf3 Nc6 4. g3 Bb4 5. Bg2 d6 6. O-O O-O 7. Qc2 Bg4 8. e3
Qd7 9. Nd5 Nxd5 10. cxd5 Ne7 11. a3 Ba5 12. b4 Bb6 13. Ng5 Bf5 14. e4 Bg6 15.
d3 h6 16. Bh3 Qb5 17. Nf3 a5 18. Bd2 a4 19. Kh1 f5 20. Nh4 Bh7 21. f4 fxe4 22.
Be6+ Kh8 23. dxe4 Nxd5 24. Nf5 Nf6 25. Rf3 Qe2 26. Re3 Bxe3 27. Nxe3 Bxe4+ 0-1